Synchronization techniques for digital receivers / (Record no. 188220)

000 -LEADER
fixed length control field 01330 a2200241 4500
003 - CONTROL NUMBER IDENTIFIER
control field Nust
005 - DATE AND TIME OF LATEST TRANSACTION
control field 20221208114619.0
010 ## - LIBRARY OF CONGRESS CONTROL NUMBER
LC control number 97041674
020 ## - INTERNATIONAL STANDARD BOOK NUMBER
International Standard Book Number 0306457253
040 ## - CATALOGING SOURCE
Transcribing agency Nust
082 00 - DEWEY DECIMAL CLASSIFICATION NUMBER
Classification number 621.382,MEN
100 1# - MAIN ENTRY--PERSONAL NAME
Personal name Mengali, Umberto.
9 (RLIN) 104437
245 00 - TITLE STATEMENT
Title Synchronization techniques for digital receivers /
Statement of responsibility, etc. Umberto Mengali and Aldo N. D'Andrea.
260 ## - PUBLICATION, DISTRIBUTION, ETC.
Place of publication, distribution, etc. New York :
Name of publisher, distributor, etc. Plenum Press,
Date of publication, distribution, etc. c1997.
300 ## - PHYSICAL DESCRIPTION
Extent xiii, 520 p. :
Other physical details ill. ;
Dimensions 24 cm.
440 #0 - SERIES STATEMENT/ADDED ENTRY--TITLE
Title Applications of communications theory
9 (RLIN) 104438
505 ## - FORMATTED CONTENTS NOTE
Formatted contents note Introduction (Page-1), Principles, Methods and Performance Limits (Page-9), Carrier Frequency Recovery with Linear Modulations (Page-79), ), Carrier Frequency Recovery with CMP Modulations (Page-147), ), Carrier Phase Recovery with Linear Modulations (Page-189), ), Carrier Phase Recovery With CMP Modulations (Page-307), Timing Recovery in Baseband Transmission (Page-353), Timing Recovery with Linear Modulations (Page-411), Timing Recovery with CMP Modulations (Page-477),
650 #0 - SUBJECT ADDED ENTRY--TOPICAL TERM
Topical term or geographic name entry element Telecommunications engineering.
9 (RLIN) 58485
700 1# - ADDED ENTRY--PERSONAL NAME
Personal name D'Andrea, Aldo N.
9 (RLIN) 104439
856 42 - ELECTRONIC LOCATION AND ACCESS
Materials specified Publisher description
Uniform Resource Identifier <a href="http://www.loc.gov/catdir/enhancements/fy0821/97041674-d.html">http://www.loc.gov/catdir/enhancements/fy0821/97041674-d.html</a>
856 42 - ELECTRONIC LOCATION AND ACCESS
Materials specified Table of contents only
Uniform Resource Identifier <a href="http://www.loc.gov/catdir/enhancements/fy0821/97041674-t.html">http://www.loc.gov/catdir/enhancements/fy0821/97041674-t.html</a>
942 ## - ADDED ENTRY ELEMENTS (KOHA)
Source of classification or shelving scheme
Koha item type Book
Holdings
Withdrawn status Lost status Source of classification or shelving scheme Damaged status Not for loan Permanent Location Current Location Shelving location Date acquired Full call number Barcode Date last seen Price effective from Koha item type Public note
          Military College of Signals (MCS) Military College of Signals (MCS) General Stacks 12/12/2016 621.382,MEN MCS31283 12/08/2016 12/12/2016 Book Almirah No.35, Shelf No.4
© 2023 Central Library, National University of Sciences and Technology. All Rights Reserved.